000 01064nam a22003017a 4500
005 20110613101710.0
008 110613t xxu||||| |||| 00| 0 eng d
010 _aENG-102581
020 _a9789380502434
_c740.00
035 _aEN-86114
037 _bDBAD / PUB
040 _adpl
_bEnglish
082 _a341.5840954
100 _928493
_aJha, U. C.
110 _928532
245 _aThe South Asian military law systems /
_cby U. C. Jha
260 _aNew Delhi
_bKW Publishers
_c2010
270 _a4676/21, First Floor, Ansari Road, Daryaganj
_bNew Delhi
_e110002
_k91.11.23263498/43528107
300 _axii, 268 p
_c25cm (Hb)
500 _aIncludes bibliographical references (p. [259]-264) and index.
610 _928529
650 _928496
_aMilitary law
_zSouth Asia
651 _928530
700 _928520
710 _928535
942 _2ddc
_cEN
_h341.5840954
_mJHA
999 _c52827
_d52827